MARC details
| 000 -LEADER |
| fixed length control field |
01886nam a2200265 a 4500 |
| 001 - CONTROL NUMBER |
| control field |
16533623 |
| 008 - FIXED-LENGTH DATA ELEMENTS--GENERAL INFORMATION |
| fixed length control field |
210414s2012 ||||||||||||||||| || u |
| 010 ## - LIBRARY OF CONGRESS CONTROL NUMBER |
| LC control number |
2010046454 |
| 020 ## - INTERNATIONAL STANDARD BOOK NUMBER |
| International Standard Book Number |
9781412956406 |
| 020 ## - INTERNATIONAL STANDARD BOOK NUMBER |
| International Standard Book Number |
9781412956406 (pbk.) |
| 050 ## - LIBRARY OF CONGRESS CALL NUMBER |
| Classification number |
HV 6626.2 Buz |
| 100 ## - MAIN ENTRY--PERSONAL NAME |
| Personal name |
Buzawa, Carl G |
| 245 10 - TITLE STATEMENT |
| Title |
Responding to domestic violence : the integration of criminal justice and human services (4th edition) |
| Statement of responsibility, etc. |
By Eve S. Buzawa, Carl G. Buzawa, Evan Stark. |
| 250 ## - EDITION STATEMENT |
| Edition statement |
4th ed. |
| 260 ## - PUBLICATION, DISTRIBUTION, ETC. |
| Place of publication, distribution, etc. |
Thousand Oaks, Calif |
| Name of publisher, distributor, etc. |
SAGE Publications |
| Date of publication, distribution, etc. |
2012 |
| 300 ## - PHYSICAL DESCRIPTION |
| Extent |
478 p. : ill |
| 500 ## - GENERAL NOTE |
| General note |
Rev. ed. of: Domestic violence. 3rd ed. c2003. Includes bibliographical references and index. |
| 505 ## - FORMATTED CONTENTS NOTE |
| Formatted contents note |
Introduction : the role and context of agency responses to domestic violence -- The scope of the problem : defining and measuring domestic violence -- Matters of history, faith, and society -- Theoretical explanations for domestic violence -- Selective screening : barriers to intervention -- The impetus for change -- The evolution of arrest preferences : criminalizing the societal response -- Variations in arrest practices -- The role of state and federal legislation -- Case prosecution : the journey from a roadblock to a change agent -- Civil courts and the role of restraining orders -- Models for judicial intervention -- Community-based and court-sponsored diversions -- Domestic violence, health, and the health system response -- Domestic violence, children, and the institutional response. |
| 650 #0 - SUBJECT ADDED ENTRY--TOPICAL TERM |
| Topical term or geographic name entry element |
WIFE ABUSE--UNITED STATES |
| 650 #0 - SUBJECT ADDED ENTRY--TOPICAL TERM |
| Topical term or geographic name entry element |
FAMILY VIOLENCE--UNITED STATES-- PREVENTION |
| 650 #0 - SUBJECT ADDED ENTRY--TOPICAL TERM |
| Topical term or geographic name entry element |
CRIMINAL JUSTICE, ADMINISTRATION OF--UNITED STATES |
| 700 ## - ADDED ENTRY--PERSONAL NAME |
| Personal name |
Stark, Evan |
| 700 ## - ADDED ENTRY--PERSONAL NAME |
| Personal name |
Buzawa, Eve S |
| 995 ## - RECOMMENDATION 995 [LOCAL, UNIMARC FRANCE] |
| -- |
CBU-MAIN LIBRARY (Kitwe) |
| -- |
1 |
| -- |
AVAILABLE |
| -- |
Apr 14, 2021 |
| -- |
Main Library Open Access Collection |